| 000 | 00558cam a2200169K 4500 | ||
|---|---|---|---|
| 082 | 0 | 4 |
_a531 _bINT _cL-5 P-57 |
| 100 | 1 |
_aLevinson, Irving J. _939865 |
|
| 245 | 1 | 0 | _aIntroduction to mechanics |
| 260 |
_aEnglewood Cliffs, N.J., _bPrentice-Hall. _c1961. |
||
| 300 |
_a1 online resource (315 p.) _billus. |
||
| 526 |
_a0 _b0 _c0 _d531_000000000000000_INT |
||
| 526 |
_a0 _b0 _c0 _d531_000000000000000_INT |
||
| 650 | 0 |
_aMCE _9379 |
|
| 650 | 0 |
_aMechanics, Analytic. _939816 |
|
| 856 | 4 | 0 | _uhttp://catalog.hathitrust.org/api/volumes/oclc/1188107.html |
| 942 |
_2ddc _cBK |
||
| 999 |
_c544280 _d544280 |
||